Diferenciálny počet funkcií viac premenných

Bibliographic Details
Main Author: Vaculíková, Ľudmila (Author)
Format: Software eBook
Language:Slovak
PhysicalDescription:1 elektronický optický disk (CD-ROM) grafy, sch. 12 cm
Published: Trnava Quintec 2010
ISBN:9788096984640
Edition:[1. vyd.]
Subjects:

MARC

LEADER 00000nam a2200000 a 4500
001 vtls010204419
003 SK-MaSNL
005 20260301131644.0
007 co cg auuua
008 240314s2010 xo dl fsp 000 0 slo
015 |a SNBS2012/03-00840 
020 |a 9788096984640  |q (elektronická kniha) 
040 |a SNK  |b slo  |c SNK  |e AACR2 
041 0 |a slo 
044 |a xo  |c SK 
072 7 |a 517  |x Matematická analýza  |2 konspekt 
080 |a 517.2  |2 2001 
080 |a (0.034.44)  |2 2001 
080 |a (07)  |2 2001 
100 1 |a Vaculíková, Ľudmila  |4 aut  |9 41835 
245 1 0 |a Diferenciálny počet funkcií viac premenných  |h elektronický zdroj  |c Ľudmila Vaculíková 
250 |a [1. vyd.] 
260 |a Trnava  |b Quintec  |c 2010 
300 |a 1 elektronický optický disk (CD-ROM)  |b grafy, sch.  |c 12 cm 
500 |a Názov z disku 
516 |a Textový dokument (učebnica), 1 súbor vo formáte exe 
538 |a Technické požiadavky: multimediálny prehrávač 
650 0 7 |a diferenciálny počet funkcií viac premenných  |2 SNKPH  |9 243648 
650 0 7 |a Differential calculus of many variables  |2 SNKPHeng  |9 481233 
655 7 |a elektronické zdroje  |2 SNKPH  |9 90954 
655 7 |a CD-ROM  |2 SNKPH  |9 70236 
655 7 |a učebné texty  |2 SNKPH  |9 70568 
655 7 |a Electronic resources  |2 SNKPHeng  |9 175546 
655 7 |a Educational texts  |2 SNKPHeng  |9 277375 
919 |a 978-80-969846-4-0 
999 |c 748701  |d 750631 
952 |a SNK  |b SNK  |y PREZ  |7 0  |p 17A0685599  |o snkSCDM 3446  |i snk2011/1178  |8 0  |0 0  |1 0  |4 0  |d 2011-01-18  |l 0  |r 2026-02-23 23:23:44  |w 2026-02-23 
952 |t snkDIF 517  |a SNKMST  |b SNKMST  |y PREZ  |7 0  |p 17A0685598  |o snkSCDM 3446 D1  |i snk2011/1179  |8 0  |0 0  |1 0  |4 0  |d 2011-01-18  |l 0  |r 2025-08-11 00:00:00  |w 2026-02-23